000 00686nam a22001697a 4500
005 2009080408298.0
008 090804t xxu||||| |||| 00| 0 eng d
080 _a89H-2.091
_bAMA
100 _aAmalakumary, B.
_91685
245 _aHindi aur malaylam ke samasya natak thulanatmak adhyayan
300 _a202p.
653 _aDrama
_aHindi and Malayalam
_aComparative literacture
_aComparative Study
_aGuide : Shemim Aliyar, P.A.
942 _cTH
260 _aKochi
_bDept of Hindi - CUSAT
_c2002
_91630
500 _aThesis (Ph.D), CUSAT, 2002 Guide : Shemim Aliyar, P.A.
952 _w2009-08-04
_pG0008588
_r2009-08-04
_40
_00
_bUL
_10
_o89H-2.091 AMA
_d2009-08-04
_70
_2udc
_yTH
_aUL
999 _c2164
_d2164